000 00835nam a2200241Ia 4500
003 IN-BaIIA
008 211028s9999 xx 000 0 eng d
020 _a1-4020-0449-4
040 _cIIA Library
080 _a082.2:52
_bIAU-S187
111 _aInternational Astronomical Union Symposium
_n187th
_cKyoto, Japan
_d1997 Aug. 26-30
_926237
245 0 _aCosmic chemical evolution
_bproceedings of the 187th IAU Symposium held in Kyoto, Japan, August 26-30, 1997
_cedited by K. Nomoto and K. W. Truran
260 _aDordrecht
_bKluwer Academic
_c2002
300 _aix, 242p.
490 _aIAU Symposium; no. 187
650 _aChemical Evolution
_915336
650 _aGalaxies
_91286
650 _aNuleosynthesis
_926238
650 _aStars
700 _aNomoto, K., ed.
_916174
700 _aTruran, K. W., ed.
_926239
942 _cBK
999 _c14688
_d14688